[Event "Mittelfranken-chTB2b 1819"]
[Site "Mittelfranken"]
[Date "2019.01.27"]
[Round "4.4"]
[White "Gauer, Dennis"]
[Black "Cipra, Lothar"]
[Result "0-1"]
[WhiteElo "1723"]
[BlackElo "1878"]
[PlyCount "52"]
[EventDate "2018.10.14"]
[EventType "team-tourn"]
[EventRounds "9"]
[EventCountry "GER"]
[SourceTitle "EXT 2022"]
[Source "ChessBase"]
[SourceDate "2021.10.06"]
[SourceVersion "1"]
[SourceVersionDate "2021.10.06"]
[SourceQuality "1"]
[WhiteTeam "Muehlhof/Schwabach II"]
[BlackTeam "Schwanstetten"]
[WhiteTeamCountry "GER"]
[BlackTeamCountry "GER"]

1. d4 Nf6 2. c4 e6 3. Nf3 d5 4. e3 c5 5. Nc3 cxd4 6. Nxd4 Be7 7. b3 0-0 8. a3 a6 9. cxd5 Nxd5 10. Nxd5 Qxd5 11. Bc4 Qxg2 12. Qf3 Qxf3 13. Nxf3 Bf6 14. Rb1 b5 15. Bd3 Bb7 16. e4 Nd7 17. b4 Rac8 18. Rg1 Rfd8 19. Ke2 Nb6 20. Bf4 Rxd3 21. Kxd3 Rc3+ 22. Ke2 Bxe4 23. Be3 Bxb1 24. Bxb6 Bd3+ 25. Kd2 Bc4 26. Bd8 Rd3+ 0-1

[Event "Mittelfranken-chTB2b 1819"]
[Site "Mittelfranken"]
[Date "2018.12.02"]
[Round "3.4"]
[White "Smyk, Jozef"]
[Black "Gauer, Dennis"]
[Result "1-0"]
[WhiteElo "1960"]
[BlackElo "1723"]
[PlyCount "103"]
[EventDate "2018.10.14"]
[EventType "team-tourn"]
[EventRounds "9"]
[EventCountry "GER"]
[SourceTitle "EXT 2022"]
[Source "ChessBase"]
[SourceDate "2021.10.06"]
[SourceVersion "1"]
[SourceVersionDate "2021.10.06"]
[SourceQuality "1"]
[WhiteTeam "Neumarkt"]
[BlackTeam "Muehlhof/Schwabach II"]
[WhiteTeamCountry "GER"]
[BlackTeamCountry "GER"]

1. d4 e6 2. Nf3 d5 3. Bf4 c5 4. e3 cxd4 5. exd4 Nc6 6. c3 Nf6 7. Nbd2 Bd6 8. Bg3 Bxg3 9. hxg3 a6 10. Bd3 b6 11. Qe2 Bb7 12. Rd1 Qc7 13. Rh4 h6 14. g4 Ke7 15. Ne5 Nxe5 16. dxe5 Nd7 17. Nf3 Nc5 18. Bb1 a5 19. Bd3 Nxd3+ 20. Qxd3 Ba6 21. Qd4 Qc4 22. Qxc4 Bxc4 23. a3 b5 24. Nd4 a4 25. Kd2 g5 26. Rh3 Rh7 27. Rdh1 Rah8 28. Ke3 f6 29. Nf3 Kf7 30. Kd4 Kg6 31. exf6 Kxf6 32. Ne5 Kg7 33. Rf3 Rf8 34. Rxf8 Kxf8 35. Nf3 Kg7 36. Ke5 Rh8 37. Nd4 Re8 38. Re1 Kg6 39. f3 Rd8 40. Nc6 Re8 41. Kd6 Kf7 42. Kd7 Kf8 43. Rh1 Ra8 44. Rxh6 Kg7 45. Rxe6 d4 46. Re7+ Kf6 47. cxd4 Ra6 48. Re5 Bf1 49. Rf5+ Kg6 50. Ne5+ Kh6 51. Nf7+ Kg7 52. Nxg5 1-0